[Event "BL 8081 Katernberg-HSK"]
[Site "?"]
[Date "1981.??.??"]
[Round "?.7"]
[White "Waagener, U."]
[Black "Zieher, H."]
[Result "1/2-1/2"]
[WhiteElo "2275"]
[BlackElo "2230"]
[PlyCount "103"]
[EventDate "1981.??.??"]

1. e4 e5 2. Nf3 Nc6 3. c3 d5 4. Bb5 dxe4 5. Nxe5 Qd5 6. Qa4 Nge7 7. f4 exf3 8.
Nxf3 Be6 9. d4 a6 10. Bd3 Bf5 11. Bxf5 Nxf5 12. O-O Nd6 13. Ne5 b5 14. Qb3 Qxb3
15. axb3 Nxe5 16. dxe5 Nb7 17. b4 c5 18. Rf4 Nd8 19. Na3 Ne6 20. Rf3 cxb4 21.
Nxb5 bxc3 22. Rxc3 Bc5+ 23. Kf1 O-O 24. Nc7 Ra7 25. Nxe6 fxe6+ 26. Ke2 Bd4 27.
Be3 Bxc3 28. Bxa7 Bxb2 29. Rxa6 Bxe5 30. Rxe6 Bxh2 31. Bd4 Kf7 32. Re4 Bd6 33.
Rh4 h6 34. Be3 Re8 35. Kf3 Re6 36. Ra4 g5 37. Bd4 h5 38. Ra7+ Kg6 39. Rg7+ Kf5
40. Rf7+ Kg6 41. Rg7+ Kh6 42. Rb7 g4+ 43. Kf2 Kg6 44. Be3 Kf5 45. Rb5+ Ke4 46.
Rg5 Rf6+ 47. Ke2 Rf5 48. Rxf5 Kxf5 49. Kf2 h4 50. Bb6 Bb8 51. Bd8 Bg3+ 52. Kg1
1/2-1/2

[Event "BL 8081 Delmenhorst-Frankfurt"]
[Site "?"]
[Date "1981.??.??"]
[Round "?.1"]
[White "Franke, R."]
[Black "Hess, R."]
[Result "0-1"]
[WhiteElo "2290"]
[BlackElo "2425"]
[PlyCount "66"]
[EventDate "1981.??.??"]

1. Nf3 Nf6 2. g3 d5 3. Bg2 c6 4. b3 Bg4 5. Ba3 Nbd7 6. O-O e5 7. Bxf8 Kxf8 8.
d3 g6 9. c4 Kg7 10. h3 Bxf3 11. Bxf3 Re8 12. Nc3 d4 13. Ne4 Nxe4 14. Bxe4 Nc5
15. Bg2 a5 16. Qc2 Qb6 17. Kh2 a4 18. Rab1 axb3 19. axb3 Qb4 20. f4 f6 21. fxe5
fxe5 22. h4 Rf8 23. h5 gxh5 24. e3 Qc3 25. Qe2 Qxd3 26. Qxh5 Qxe3 27. Qg4+ Kh8
28. Qh5 Rg8 29. Rf3 Qg5 30. Qh3 Qg6 31. Rf5 Ra2 32. Rbf1 Ne4 33. Rxe5 Nxg3 0-1

[Event "BL 8081 Delmenhorst-Frankfurt"]
[Site "?"]
[Date "1981.??.??"]
[Round "?.2"]
[White "Staller, P."]
[Black "Meyer, CD."]
[Result "1-0"]
[WhiteElo "2355"]
[BlackElo "2250"]
[PlyCount "99"]
[EventDate "1981.??.??"]

1. Nf3 Nf6 2. g3 g6 3. Bg2 Bg7 4. O-O O-O 5. d4 c6 6. c4 d6 7. Nc3 Nbd7 8. e4
e5 9. h3 Qb6 10. d5 Nc5 11. Qe2 a5 12. Be3 cxd5 13. cxd5 Bd7 14. Rab1 Rfc8 15.
Rfc1 Ne8 16. Nd2 Qd8 17. Nb5 b6 18. h4 Qe7 19. Nc3 Rab8 20. a3 a4 21. b4 axb3
22. Nxb3 Ra8 23. Nxc5 bxc5 24. Rb7 Qd8 25. Nb5 Rcb8 26. Rxb8 Qxb8 27. Rb1 Nc7
28. Nc3 Qa7 29. a4 Rb8 30. Rxb8+ Qxb8 31. Bf1 Bf6 32. Bg5 Bxg5 33. hxg5 Qb4 34.
Nb5 Ne8 35. Qc4 Qe1 36. Kg2 Kg7 37. Nc3 f5 38. a5 Qa1 39. a6 f4 40. gxf4 exf4
41. Na2 Nc7 42. Qc3+ Qxc3 43. Nxc3 Kf8 44. Kf3 Ke7 45. Kxf4 Kd8 46. e5 dxe5+
47. Kxe5 Ne8 48. a7 Nc7 49. d6 Na8 50. Bg2 1-0

[Event "BL 8081 Delmenhorst-Frankfurt"]
[Site "?"]
[Date "1981.??.??"]
[Round "?.3"]
[White "Juhnke, K."]
[Black "Fahnenschmidt, G."]
[Result "1-0"]
[WhiteElo "2305"]
[BlackElo "2360"]
[PlyCount "117"]
[EventDate "1981.??.??"]

1. d4 Nf6 2. c4 e6 3. Nc3 Bb4 4. e3 b6 5. Nge2 Ne4 6. Qc2 Bb7 7. a3 Bxc3+ 8.
Nxc3 Nxc3 9. Qxc3 O-O 10. b3 f5 11. Bb2 d6 12. O-O-O Qe7 13. f3 Nd7 14. Bd3
Rae8 15. Rd2 e5 16. d5 Bc8 17. Bc2 Qh4 18. g3 Qh3 19. Rg1 Re7 20. Rf2 Nf6 21.
Kb1 a6 22. Ka2 Qh5 23. Bd1 Qe8 24. Bc2 a5 25. a4 Nd7 26. Rfg2 Nc5 27. h4 Bd7
28. Rd2 Qb8 29. f4 Qe8 30. Rf2 Rff7 31. Rfg2 Rf8 32. Qd2 Ref7 33. fxe5 dxe5 34.
Qc3 Re7 35. Ba3 Qa8 36. Rf1 c6 37. Rd2 Ree8 38. h5 Rf7 39. Bxc5 bxc5 40. g4 f4
41. exf4 Bxg4 42. Rg2 Qc8 43. Rfg1 Rxf4 44. dxc6 Re7 45. Qxa5 Bxh5 46. Qxc5 Qc7
47. Qd5+ Kf8 48. Rg5 Bf3 49. Qd2 e4 50. Qd5 e3 51. Rf5+ Rxf5 52. Qxf5+ Rf7 53.
Qxh7 e2 54. Bg6 Rf4 55. Qh8+ Ke7 56. Qe8+ Kd6 57. c5+ Kxc5 58. Qe3+ Kb4 59. Rc1
1-0

[Event "BL 8081 Delmenhorst-Frankfurt"]
[Site "?"]
[Date "1981.??.??"]
[Round "?.4"]
[White "Bialas, W."]
[Black "Dornieden, M."]
[Result "1/2-1/2"]
[WhiteElo "2365"]
[BlackElo "2320"]
[PlyCount "79"]
[EventDate "1981.??.??"]

1. d4 g6 2. Nf3 Bg7 3. e3 d6 4. c4 Nd7 5. Nc3 Ngf6 6. Be2 O-O 7. O-O e5 8. Qc2
Re8 9. h3 c6 10. dxe5 dxe5 11. e4 Qc7 12. a3 Nc5 13. Be3 Ne6 14. Rfd1 b6 15. b4
Bb7 16. c5 Rad8 17. Bc4 Bc8 18. b5 Nd4 19. Nxd4 exd4 20. Bxd4 Rxd4 21. Rxd4 Ng4
22. hxg4 Bxd4 23. bxc6 Bxc5 24. Nd5 Qe5 25. Qd1 Bxg4 26. Qxg4 Qxa1+ 27. Bf1 Qd4
28. Qf3 Kg7 29. c7 Bd6 30. g3 Qe5 31. Bb5 Rc8 32. Ba6 Rxc7 33. Nxc7 Bxc7 34.
Bc4 Qe7 35. Bd5 Be5 36. a4 h5 37. Kg2 a6 38. Bc4 Qb7 39. Qd3 Qc6 40. Qd5
1/2-1/2

[Event "BL 8081 Wilmersdorf-Hofheim"]
[Site "?"]
[Date "1981.??.??"]
[Round "?.2"]
[White "Huisl, W."]
[Black "Teschner, R."]
[Result "1/2-1/2"]
[WhiteElo "2350"]
[BlackElo "2415"]
[PlyCount "51"]
[EventDate "1981.??.??"]

1. e4 e5 2. Nf3 Nc6 3. c3 Nf6 4. d4 d6 5. Bb5 Bd7 6. Nbd2 Be7 7. dxe5 Nxe5 8.
Nxe5 dxe5 9. Qb3 O-O 10. O-O c6 11. Bc4 b5 12. Be2 Qc7 13. Qc2 Be6 14. Nb3 a5
15. Be3 Nd7 16. Rfd1 a4 17. Nd2 Nc5 18. b4 axb3 19. axb3 Qb7 20. b4 Nd7 21. Nb3
Rxa1 22. Rxa1 Ra8 23. Na5 Qc7 24. Qb2 Nb6 25. h3 h6 26. Rd1 1/2-1/2

[Event "BL 8081 Wilmersdorf-Hofheim"]
[Site "?"]
[Date "1981.??.??"]
[Round "?.3"]
[White "Bilek, M."]
[Black "Berry, S."]
[Result "1-0"]
[WhiteElo "2225"]
[BlackElo "2245"]
[PlyCount "63"]
[EventDate "1981.??.??"]

1. d4 Nf6 2. Nf3 e6 3. Bf4 b6 4. e3 Bb7 5. Bd3 Be7 6. Nbd2 Nh5 7. Bg3 d6 8. Qe2
Nd7 9. Rd1 c6 10. Nc4 Nxg3 11. hxg3 Qc7 12. e4 O-O-O 13. Ne3 g6 14. Ba6 f5 15.
exf5 exf5 16. d5 c5 17. Bxb7+ Kxb7 18. Kf1 Ne5 19. Nxe5 dxe5 20. g4 fxg4 21.
Qxg4 Rdf8 22. Nc4 Rf6 23. Rh3 Bd6 24. Rf3 Rhf8 25. Rxf6 Rxf6 26. Qh4 Qf7 27.
Qg3 Kc7 28. Rd2 Rf4 29. Qa3 a5 30. Qb3 Rxc4 31. Qxc4 Qd7 32. Qa6 1-0

[Event "BL 8081 Frankfurt-Wilmersdorf"]
[Site "?"]
[Date "1981.??.??"]
[Round "?.1"]
[White "Hess, R."]
[Black "Lieb, H."]
[Result "0-1"]
[WhiteElo "2425"]
[BlackElo "2285"]
[PlyCount "102"]
[EventDate "1981.??.??"]

1. c4 Nf6 2. Nc3 c6 3. e4 d5 4. e5 d4 5. exf6 dxc3 6. bxc3 gxf6 7. d4 Qa5 8.
Qb3 Nd7 9. Bd3 Nb6 10. Ne2 h5 11. O-O Rg8 12. c5 Nd5 13. Bd2 Qd8 14. c4 Nc7 15.
Ba5 Qd7 16. d5 Na6 17. Bc2 Nxc5 18. Qe3 b6 19. Ng3 cxd5 20. Rad1 e6 21. Nxh5
Be7 22. Bc3 Bb7 23. f3 Ba6 24. Rxd5 Qc7 25. Rd2 Nd7 26. Qe4 O-O-O 27. Rfd1 Qc5+
28. Kh1 Bb7 29. Qh7 Rh8 30. Qxf7 Qxh5 31. Qxh5 Rxh5 32. Bg6 Rh6 33. Bf7 Nc5 34.
Rxd8+ Bxd8 35. Bd4 Bc7 36. Bxc5 bxc5 37. Bxe6+ Kb8 38. h3 Rh8 39. Rb1 Bb6 40.
a4 Kc7 41. Kh2 Bc6 42. Ra1 Ba5 43. Rd1 Bc3 44. Rd3 Be5+ 45. g3 Rb8 46. h4 Re8
47. Bf7 Re7 48. Bg6 Bd4 49. h5 Re2+ 50. Kh3 Bd7+ 51. g4 Be5 0-1

[Event "BL 8081 Frankfurt-Wilmersdorf"]
[Site "?"]
[Date "1981.??.??"]
[Round "?.3"]
[White "Fahnenschmidt, G."]
[Black "Bilek, M."]
[Result "1/2-1/2"]
[WhiteElo "2360"]
[BlackElo "2225"]
[PlyCount "33"]
[EventDate "1981.??.??"]

1. d4 Nf6 2. c4 c5 3. Nf3 cxd4 4. Nxd4 e5 5. Nf3 Nc6 6. e3 d5 7. cxd5 Nxd5 8.
Be2 Bb4+ 9. Nfd2 O-O 10. O-O Be6 11. a3 Bc5 12. Ne4 Bb6 13. Nbc3 Nxc3 14. Nxc3
Na5 15. b4 Nb3 16. Rb1 Rc8 17. Na4 1/2-1/2

[Event "BL 8081 Frankfurt-Wilmersdorf"]
[Site "?"]
[Date "1981.??.??"]
[Round "?.4"]
[White "Jahr, U."]
[Black "Bialas, W."]
[Result "1-0"]
[WhiteElo "2230"]
[BlackElo "2365"]
[PlyCount "47"]
[EventDate "1981.??.??"]

1. e4 c5 2. Nf3 Nc6 3. d4 cxd4 4. Nxd4 g6 5. Nc3 Bg7 6. Be3 Nf6 7. Bc4 O-O 8.
Bb3 Qc7 9. f3 a6 10. Qd2 b5 11. a4 bxa4 12. Rxa4 Bb7 13. O-O Ne5 14. Rfa1 d6
15. Bh6 Bxh6 16. Qxh6 Qb6 17. Kh1 Ned7 18. Qg5 Nc5 19. Nf5 Qd8 20. e5 dxe5 21.
Rh4 Ne6 22. Bxe6 fxe6 23. Rxh7 Nxh7 24. Qxg6+ 1-0

[Event "BL 8081 Hofheim-Delmenhorst"]
[Site "?"]
[Date "1981.??.??"]
[Round "?.2"]
[White "Juhnke, K."]
[Black "Huisl, W."]
[Result "1/2-1/2"]
[WhiteElo "2305"]
[BlackElo "2350"]
[PlyCount "78"]
[EventDate "1981.??.??"]

1. d4 e6 2. c4 f5 3. g3 Nf6 4. Bg2 Be7 5. Nf3 O-O 6. O-O d6 7. Nc3 Ne4 8. Qc2
Nxc3 9. Qxc3 Bf6 10. b3 Nc6 11. Bb2 e5 12. e3 Qe8 13. Qd2 Qh5 14. Ne1 f4 15.
gxf4 exf4 16. exf4 Bh3 17. Bxh3 Qxh3 18. Ng2 Ne7 19. Qe3 Qh5 20. Qe6+ Kh8 21.
Ne3 Bh4 22. Ng2 Nf5 23. Rae1 Bf6 24. Qe4 c6 25. Ba1 Rae8 26. Qd3 d5 27. cxd5
cxd5 28. Bc3 a6 29. Bb4 Rg8 30. Rxe8 Rxe8 31. Bc5 h6 32. h3 Re2 33. a4 Re6 34.
Re1 Rxe1+ 35. Nxe1 Kg8 36. b4 Kf7 37. Qf3 Qxf3 38. Nxf3 Ke6 39. Kg2 Nh4+
1/2-1/2

[Event "BL 8081 Hofheim-Delmenhorst"]
[Site "?"]
[Date "1981.??.??"]
[Round "?.3"]
[White "Berry, S."]
[Black "Dornieden, M."]
[Result "1-0"]
[WhiteElo "2245"]
[BlackElo "2320"]
[PlyCount "95"]
[EventDate "1981.??.??"]

1. e4 g6 2. d4 Bg7 3. Nc3 d6 4. g3 Nc6 5. Be3 e5 6. dxe5 Nxe5 7. h3 Nf6 8. Bg2
O-O 9. Nge2 Re8 10. O-O Bd7 11. b3 a5 12. a4 Nc6 13. Qd2 Nb4 14. Nd4 c6 15.
Rad1 Qc8 16. Kh2 Re5 17. g4 d5 18. f4 Re8 19. e5 c5 20. exf6 cxd4 21. Bxd4 Bf8
22. Nxd5 Nxd5 23. Bxd5 Bc6 24. c4 Bd6 25. Kg2 Bb4 26. Qf2 Qe6 27. Qf3 Rad8 28.
Bxe6 Rxe6 29. Be5 Bxf3+ 30. Kxf3 Rde8 31. g5 Bc3 32. Rd5 Bxe5 33. Rxe5 Rxe5 34.
fxe5 Rxe5 35. h4 h6 36. Rg1 hxg5 37. hxg5 Kf8 38. Rg4 Rf5+ 39. Ke4 Ke8 40. Rg3
Rf1 41. Kd5 Kd8 42. Kd6 Rd1+ 43. Kc5 Kc7 44. Re3 Rd7 45. Kb5 b6 46. Re7 Rxe7
47. fxe7 Kd7 48. Kxb6 1-0

[Event "BL 8081 Mainz-Bamberg"]
[Site "?"]
[Date "1981.??.??"]
[Round "?.1"]
[White "Werner, D."]
[Black "Podzielny, K."]
[Result "1/2-1/2"]
[WhiteElo "2345"]
[BlackElo "2385"]
[PlyCount "112"]
[EventDate "1981.??.??"]

1. d4 Nf6 2. Nf3 g6 3. g3 Bg7 4. Bg2 O-O 5. O-O d6 6. c4 Nbd7 7. Nc3 e5 8. e3
Re8 9. Qc2 exd4 10. Nxd4 Nc5 11. b3 c6 12. h3 a5 13. Rd1 Qb6 14. Rb1 Bd7 15. a3
Rad8 16. b4 Ne6 17. Nf3 Bc8 18. e4 Qc7 19. Qb3 Nd7 20. Be3 h5 21. Rbc1 axb4 22.
axb4 Ne5 23. Nd4 Nxd4 24. Bxd4 Be6 25. Nd5 Qb8 26. Nf4 Bc8 27. Bb6 Rd7 28. Rc2
Rde7 29. c5 dxc5 30. Bxc5 Rd7 31. Rcd2 Red8 32. Rxd7 Rxd7 33. b5 Qc7 34. bxc6
bxc6 35. Rxd7 Qxd7 36. Qb8 Kh7 37. Qd6 Qb7 38. Bd4 Nc4 39. Qc5 Qb1+ 40. Kh2 Qb5
41. Bf1 Qxc5 42. Bxc5 Nd2 43. Bg2 h4 44. Be3 Nc4 45. Bc5 Be5 46. Nd3 hxg3+ 47.
fxg3 Bc7 48. Nb4 Bd7 49. Bd4 Be5 50. Bxe5 Nxe5 51. Kg1 Kg7 52. Kf2 Kf6 53. Ke3
Ke7 54. Kd4 Kd6 55. Na6 Be8 56. Nc5 f6 1/2-1/2

[Event "BL 8081 Zähringen-Bayern"]
[Site "?"]
[Date "1981.??.??"]
[Round "?.1"]
[White "Herbrechtsmeier, C."]
[Black "Westermeier, A."]
[Result "1/2-1/2"]
[WhiteElo "2350"]
[BlackElo "2305"]
[PlyCount "98"]
[EventDate "1981.??.??"]

1. e4 c5 2. Nc3 d6 3. Nf3 a6 4. g3 e6 5. Bg2 Be7 6. d4 cxd4 7. Nxd4 Nf6 8. O-O
O-O 9. b3 Bd7 10. Bb2 Nc6 11. Nce2 Rc8 12. c4 Nxd4 13. Nxd4 b5 14. cxb5 axb5
15. Qd2 Qb6 16. Ba3 Rfe8 17. Rfe1 Bf8 18. Bb4 e5 19. Nc2 Bc6 20. Rad1 Qb7 21.
Qd3 Rcd8 22. Ba5 Ra8 23. b4 Rac8 24. Rd2 g6 25. Na3 h5 26. Nb1 h4 27. Nc3 hxg3
28. hxg3 Bd7 29. Nd5 Nxd5 30. Qxd5 Qxd5 31. Rxd5 Rc2 32. Bf1 Rb8 33. a3 Rc3 34.
Rd3 Rbc8 35. Rd5 Rc1 36. Red1 R8c3 37. Rxc1 Rxc1 38. Kg2 Bc6 39. Bxb5 Bxd5 40.
exd5 e4 41. Bc6 Rc2 42. Kf1 Bh6 43. b5 Rc1+ 44. Kg2 Rc2 45. Kf1 Rc1+ 46. Ke2
Rc2+ 47. Ke1 Rc1+ 48. Ke2 Rc2+ 49. Kf1 Rc1+ 1/2-1/2

[Event "BL 8081 Bamberg-Zähringen"]
[Site "?"]
[Date "1981.??.??"]
[Round "?.1"]
[White "Podzielny, K."]
[Black "Herbrechtsmeier, C."]
[Result "1/2-1/2"]
[WhiteElo "2385"]
[BlackElo "2350"]
[PlyCount "100"]
[EventDate "1981.??.??"]

1. e4 e5 2. Nf3 Nc6 3. Bb5 a6 4. Ba4 Nf6 5. Bxc6 dxc6 6. d3 Nd7 7. O-O Be7 8.
Nbd2 O-O 9. b3 f6 10. Bb2 Nc5 11. Nh4 g6 12. Nhf3 Ne6 13. Nc4 Nd4 14. Nxd4 exd4
15. Qd2 Be6 16. a4 b5 17. Na5 Qd7 18. c3 c5 19. Rfc1 dxc3 20. Qxc3 Rab8 21. Rd1
bxa4 22. bxa4 Rb4 23. Qc2 Rfb8 24. Bc3 Bb3 25. Nxb3 Rxb3 26. Ba5 Kg7 27. Qc4
Bd6 28. Bc3 Qf7 29. Rac1 Qxc4 30. dxc4 Kf7 31. g3 Ke6 32. f4 Ra3 33. a5 Rbb3
34. Ba1 Re3 35. Re1 Rxe1+ 36. Rxe1 Rxa5 37. Bxf6 Kxf6 38. e5+ Ke6 39. exd6+
Kxd6 40. g4 Ra3 41. Kg2 Rb3 42. Rd1+ Ke6 43. Rd5 Rc3 44. Rxc5 Kd6 45. Rd5+ Ke6
46. Re5+ Kd6 47. Ra5 Rxc4 48. Rxa6+ Ke7 49. Kg3 Kf7 50. h3 Kg7 1/2-1/2

[Event "BL 8081 Bayern-Mainz"]
[Site "?"]
[Date "1981.??.??"]
[Round "?.1"]
[White "Westermeier, A."]
[Black "Lobron, E."]
[Result "0-1"]
[WhiteElo "2305"]
[BlackElo "2405"]
[PlyCount "54"]
[EventDate "1981.??.??"]

1. e4 c6 2. d4 d5 3. Nc3 dxe4 4. Nxe4 Bf5 5. Ng3 Bg6 6. h4 h6 7. f4 e6 8. Nf3
Nd7 9. h5 Bh7 10. Bd3 Bxd3 11. Qxd3 Qc7 12. Bd2 O-O-O 13. Qe2 Ngf6 14. O-O-O c5
15. Ne5 Nb6 16. dxc5 Bxc5 17. Ne4 Nxe4 18. Qxe4 Rd4 19. Qe2 Rhd8 20. g3 Na4 21.
c3 Qb6 22. b3 Rxd2 23. Rxd2 Be3 24. Qc4+ Kb8 25. Qxa4 Rxd2 26. Kb1 Qd8 27. b4
f6 0-1

[Event "BL 8081 Bayern-Mainz"]
[Site "?"]
[Date "1981.??.??"]
[Round "?.2"]
[White "Werner, D."]
[Black "Saacke, B."]
[Result "0-1"]
[WhiteElo "2345"]
[BlackElo "2355"]
[PlyCount "82"]
[EventDate "1981.??.??"]

1. e4 e6 2. d4 d5 3. Nd2 c5 4. exd5 exd5 5. Bb5+ Nc6 6. Qe2+ Be7 7. dxc5 Nf6 8.
Ngf3 O-O 9. O-O Bxc5 10. Nb3 Re8 11. Qd3 Bf8 12. Nbd4 Bd7 13. Bg5 h6 14. Bh4
Re4 15. c3 Nxd4 16. cxd4 Bg4 17. Bg3 Nh5 18. Be5 Nf4 19. Qd2 Qb6 20. a4 a6 21.
Bxf4 Bxf3 22. gxf3 Rxd4 23. Bd3 Bb4 24. Qe3 Bc5 25. Rac1 Rc4 26. Qe5 Rxa4 27.
Kh1 Bxf2 28. Rc2 Bd4 29. Qf5 g6 30. Rc8+ Rxc8 31. Qxc8+ Kg7 32. Qh3 h5 33. Qd7
Qc6 34. Qe7 Qf6 35. Qe8 Rb4 36. Bc1 Bxb2 37. Bd2 Rb3 38. Be2 Bd4 39. Qa4 Rb2
40. Rd1 Be5 41. Kg1 Rxd2 0-1

[Event "BL 8081 Bochum-Markth'feld"]
[Site "?"]
[Date "1981.??.??"]
[Round "?.2"]
[White "Meinberger, L."]
[Black "Schussler, H."]
[Result "0-1"]
[WhiteElo "2230"]
[BlackElo "2445"]
[PlyCount "74"]
[EventDate "1981.??.??"]

1. Nf3 Nf6 2. g3 d5 3. Bg2 e6 4. O-O Be7 5. c4 O-O 6. d4 dxc4 7. Ne5 Nc6 8.
Bxc6 bxc6 9. Nc3 c5 10. dxc5 Bxc5 11. Qxd8 Rxd8 12. Nxc4 Ba6 13. Nd2 Bb4 14.
Ndb1 Nd5 15. Re1 Rab8 16. a3 Be7 17. e4 Nb6 18. Bf4 Bd6 19. e5 Bc5 20. Nd2 Rd3
21. Nb3 Be7 22. Na5 Bb7 23. Nxb7 Rxb7 24. Red1 Rxd1+ 25. Rxd1 Nc4 26. Ne4 Kf8
27. Rd4 Nxb2 28. Bg5 Bxg5 29. Nxg5 h6 30. Ne4 Ke8 31. Nc5 Rb6 32. f4 Rc6 33.
Ne4 Rc4 34. Rd2 Na4 35. Re2 Nb6 36. Kf2 Nd5 37. Rb2 Rxe4 0-1

[Event "BL 8081 Porz-Erlangen"]
[Site "?"]
[Date "1981.??.??"]
[Round "?.1"]
[White "Hort, V."]
[Black "Feustel, B."]
[Result "0-1"]
[WhiteElo "2575"]
[BlackElo "2355"]
[PlyCount "96"]
[EventDate "1981.??.??"]

1. e4 g6 2. d4 Bg7 3. Nc3 d6 4. f4 Nd7 5. Nf3 c5 6. d5 a6 7. a4 Ngf6 8. Bd3 O-O
9. O-O Qa5 10. Nd2 Ne8 11. Nc4 Qd8 12. Qe2 Nc7 13. Ne3 Rb8 14. a5 b5 15. axb6
Nxb6 16. f5 Nd7 17. Ng4 Ne5 18. Nxe5 Bxe5 19. Ra3 e6 20. Qg4 exf5 21. exf5 Rb4
22. Ne4 Nxd5 23. c3 Rb6 24. Bg5 f6 25. Bh6 Ne7 26. Bxf8 Qxf8 27. Ng3 Rxb2 28.
Bxa6 Bd7 29. Bd3 Bc6 30. Be4 d5 31. Bf3 Bd7 32. c4 Rb4 33. Ra7 Qc8 34. Rc1 Kh8
35. Qh4 Kg7 36. Bg4 Rb7 37. Rxb7 Qxb7 38. fxg6 hxg6 39. Bxd7 Qxd7 40. cxd5 Bd4+
41. Kh1 Nxd5 42. Qe4 f5 43. Qf3 Nf6 44. Rb1 Ng4 45. h3 Nf2+ 46. Kh2 Qd6 47.
Rb7+ Kh6 48. Qxf5 gxf5 0-1

[Event "BL 8081 Porz-Erlangen"]
[Site "?"]
[Date "1981.??.??"]
[Round "?.2"]
[White "Heidrich, M."]
[Black "Schmidt, B."]
[Result "1/2-1/2"]
[WhiteElo "2230"]
[BlackElo "2375"]
[PlyCount "47"]
[EventDate "1981.??.??"]

1. e4 e6 2. d4 d5 3. Nc3 Bb4 4. e5 c5 5. Bd2 Nc6 6. Nb5 Bxd2+ 7. Qxd2 Nxd4 8.
Nxd4 cxd4 9. f4 Ne7 10. Nf3 Bd7 11. Nxd4 O-O 12. Be2 b5 13. O-O Qb6 14. Kh1 b4
15. Rae1 Rac8 16. g4 Nc6 17. Nxc6 Bxc6 18. Bd3 Bb5 19. f5 Bxd3 20. cxd3 Qd4 21.
f6 gxf6 22. Rxf6 Kh8 23. Qh6 Qxd3 24. Rf5 1/2-1/2

[Event "BL 8081 Porz-Erlangen"]
[Site "?"]
[Date "1981.??.??"]
[Round "?.4"]
[White "Stoll, J."]
[Black "Troeger, P."]
[Result "1/2-1/2"]
[WhiteElo "2245"]
[BlackElo "2330"]
[PlyCount "65"]
[EventDate "1981.??.??"]

1. c4 f5 2. Nf3 Nf6 3. g3 e6 4. Bg2 Be7 5. O-O O-O 6. d4 d5 7. Qc2 c6 8. b3 Bd7
9. Ba3 Bxa3 10. Nxa3 Be8 11. Rac1 Qe7 12. Qb2 Nbd7 13. Nc2 Bh5 14. Nce1 Bxf3
15. Nxf3 Rae8 16. e3 e5 17. dxe5 Nxe5 18. Nxe5 Qxe5 19. Qxe5 Rxe5 20. cxd5 Nxd5
21. Rc5 Rd8 22. Rd1 Rd7 23. Bxd5+ Rexd5 24. Rcxd5 cxd5 25. Kf1 Kf7 26. Ke2 Ke6
27. Rd4 Rc7 28. Kd2 g5 29. Rd3 g4 30. Rd4 h5 31. Ra4 b6 32. h4 Ke5 33. Rd4
1/2-1/2

[Event "BL 8081 Markth'feld-Porz"]
[Site "?"]
[Date "1981.??.??"]
[Round "?.2"]
[White "Schmidt, B."]
[Black "Meinberger, L."]
[Result "1/2-1/2"]
[WhiteElo "2375"]
[BlackElo "2230"]
[PlyCount "101"]
[EventDate "1981.??.??"]

1. d4 Nf6 2. Nf3 b6 3. g3 Bb7 4. Bg2 c5 5. dxc5 bxc5 6. c4 g6 7. Nc3 Bg7 8. Bf4
O-O 9. Qd2 Nc6 10. Bh6 Bxh6 11. Qxh6 Nd4 12. O-O Bxf3 13. Bxf3 Rb8 14. b3 Qa5
15. Rac1 Rfd8 16. Kg2 e6 17. h4 Nxf3 18. exf3 d5 19. h5 Rd7 20. hxg6 fxg6 21.
Qf4 Rf8 22. Qe5 Kf7 23. Rfe1 Re8 24. Na4 Qc7 25. Qxc7 Rxc7 26. cxd5 exd5 27.
Rxe8 Kxe8 28. Rxc5 Rxc5 29. Nxc5 Ke7 30. Nd3 Kd6 31. f4 Ne4 32. Kf3 Nc3 33. a4
d4 34. Kg4 Ne4 35. f5 Kd5 36. fxg6 hxg6 37. Kf4 Nd2 38. Nc1 g5+ 39. Kf5 a5 40.
f4 gxf4 41. Kxf4 Ne4 42. Nd3 Nd2 43. Nc1 Ne4 44. Nd3 Nd2 45. b4 axb4 46. Nxb4+
Kc4 47. Nc6 Nb3 48. g4 Nc5 49. Kf5 Nd7 50. Nxd4 Kxd4 51. Ke6 1/2-1/2

[Event "BL 8081 Erlangen-Bochum"]
[Site "?"]
[Date "1981.??.??"]
[Round "?.1"]
[White "Feustel, B."]
[Black "Borik, O."]
[Result "1/2-1/2"]
[WhiteElo "2355"]
[BlackElo "2390"]
[PlyCount "110"]
[EventDate "1981.??.??"]

1. Nf3 d5 2. c4 e6 3. b3 c5 4. g3 Nc6 5. Bg2 Nf6 6. O-O Be7 7. d3 O-O 8. Na3 a6
9. e3 Rb8 10. Qe2 b5 11. Rd1 Qc7 12. Bb2 Rd8 13. Rac1 Bd7 14. Nb1 Be8 15. Bxf6
gxf6 16. cxd5 Rxd5 17. Nc3 Rdd8 18. Ne4 Qb6 19. Qb2 e5 20. Bh3 Nb4 21. Qe2 Bc6
22. Nh4 Nxd3 23. Rxd3 Bxe4 24. Rxd8+ Qxd8 25. Nf5 Kh8 26. Rd1 Qf8 27. Rd7 Rb7
28. Rxb7 Bxb7 29. Qh5 Bc8 30. Nxe7 Bxh3 31. Nd5 Qd8 32. Qxf7 c4 33. bxc4 bxc4
34. f3 Bf5 35. Kf2 e4 36. fxe4 Bxe4 37. Qxf6+ Qxf6+ 38. Nxf6 Bc6 39. Ke2 Kg7
40. Ng4 h5 41. Nf2 Kf6 42. Kd2 Ke5 43. Kc3 Bd5 44. Kb4 c3 45. Kxc3 Bxa2 46. Kb4
Bd5 47. Ka5 Bc4 48. Kb4 Bb5 49. Kc5 Be2 50. Kb4 Bf1 51. Ka5 Be2 52. Nh3 Ke4 53.
Nf4 Kxe3 54. Nxh5 Bxh5 55. Kxa6 Kf3 1/2-1/2

[Event "BL 8081 Erlangen-Bochum"]
[Site "?"]
[Date "1981.??.??"]
[Round "?.2"]
[White "Schussler, H."]
[Black "Heidrich, M."]
[Result "1-0"]
[WhiteElo "2445"]
[BlackElo "2230"]
[PlyCount "81"]
[EventDate "1981.??.??"]

1. d4 d5 2. Nf3 c5 3. c4 Nf6 4. cxd5 cxd4 5. Qxd4 Qxd5 6. Nc3 Qxd4 7. Nxd4 a6
8. g3 e5 9. Nb3 Bd7 10. Bg2 Bc6 11. O-O Bb4 12. Bg5 Bxg2 13. Kxg2 Nbd7 14. Bxf6
Nxf6 15. Rac1 Ke7 16. Na4 Rac8 17. Nb6 Rxc1 18. Rxc1 Bd6 19. Na5 Rb8 20. Rc8
Ke6 21. Rxb8 Bxb8 22. Nxb7 Bc7 23. Nc5+ Kd6 24. Nba4 a5 25. e4 Bb6 26. Nb7+ Kc6
27. Nxb6 Kxb6 28. Nd6 Kc5 29. Nxf7 Kd4 30. f3 Nd7 31. Nd6 Kd3 32. b3 Kc3 33.
Kf2 Nb8 34. Ke3 Nc6 35. Nc4 Kc2 36. f4 exf4+ 37. gxf4 Kb1 38. Kd3 Kxa2 39. Kc3
Kb1 40. e5 Kc1 41. e6 1-0

[Event "BL 8081 Erlangen-Bochum"]
[Site "?"]
[Date "1981.??.??"]
[Round "?.4"]
[White "Bachmann, K."]
[Black "Stoll, J."]
[Result "1-0"]
[WhiteElo "2265"]
[BlackElo "2245"]
[PlyCount "103"]
[EventDate "1981.??.??"]

1. Nf3 c5 2. g3 Nc6 3. Bg2 g6 4. c4 Bg7 5. Nc3 e6 6. b3 Nge7 7. Bb2 d6 8. O-O
O-O 9. e3 d5 10. cxd5 Nxd5 11. d4 Ndb4 12. a3 cxd4 13. Nb5 Nd5 14. Nbxd4 Qb6
15. Qc2 Bd7 16. Nxc6 Qxc6 17. Qxc6 Bxc6 18. Bxg7 Kxg7 19. Nd4 Rac8 20. Rac1 Ne7
21. Nxc6 Nxc6 22. Rc5 Rfd8 23. Rfc1 Rd3 24. b4 Rcd8 25. Bxc6 bxc6 26. Ra5 Rd1+
27. Rxd1 Rxd1+ 28. Kg2 Rd7 29. Ra6 Rc7 30. Kf3 f5 31. Ke2 Kf6 32. f4 Ke7 33.
Kd3 Kd6 34. Kd4 Rd7 35. Kc4 Rb7 36. a4 Kc7 37. Kc5 Kd7 38. Rxc6 Rxb4 39. Rd6+
Ke7 40. Rxe6+ Kxe6 41. Kxb4 Kd6 42. Kb5 Kc7 43. e4 fxe4 44. Kc4 Kb6 45. g4 Kc6
46. Kd4 e3 47. Kxe3 Kd5 48. Kd3 h5 49. gxh5 gxh5 50. h4 Kd6 51. Ke4 Ke6 52. f5+
1-0

[Event "BL 8081 Bamberg-HSK"]
[Site "?"]
[Date "1981.??.??"]
[Round "?.1"]
[White "Pfleger, He"]
[Black "Chandler, M."]
[Result "0-1"]
[WhiteElo "2505"]
[BlackElo "2455"]
[PlyCount "78"]
[EventDate "1981.??.??"]

1. d4 Nf6 2. c4 e6 3. Nf3 b6 4. g3 Ba6 5. Qc2 Bb4+ 6. Bd2 Bxd2+ 7. Nbxd2 c5 8.
Bg2 Nc6 9. dxc5 bxc5 10. O-O O-O 11. Rfd1 Rc8 12. e3 Qc7 13. Ng5 Nb4 14. Qc3
Bb7 15. Nge4 Ne8 16. a3 Na6 17. b4 f5 18. b5 Bxe4 19. Nxe4 fxe4 20. bxa6 Nf6
21. Rab1 Rb8 22. f3 Rxb1 23. Rxb1 Rb8 24. Rb5 Rxb5 25. cxb5 Nd5 26. Qc1 c4 27.
fxe4 Nb6 28. Bf1 c3 29. Bd3 Qc5 30. Kf2 Kf8 31. g4 g5 32. Ke2 Ke7 33. h3 Na4
34. Kf3 Kd8 35. Bc2 Nb2 36. a4 Kc7 37. Qe1 Nc4 38. Bd3 c2 39. Qc1 Qxe3+ 0-1

[Event "BL 8081 Bamberg-HSK"]
[Site "?"]
[Date "1981.??.??"]
[Round "?.2"]
[White "Kunsztowicz, U."]
[Black "Kestler, H."]
[Result "0-1"]
[WhiteElo "2460"]
[BlackElo "2385"]
[PlyCount "98"]
[EventDate "1981.??.??"]

1. g3 g6 2. Bg2 Bg7 3. d4 d6 4. Nf3 Nf6 5. c4 O-O 6. Nc3 Nc6 7. O-O Bg4 8. h3
Bxf3 9. Bxf3 Nd7 10. e3 e5 11. d5 Ne7 12. e4 f5 13. Bd2 Nf6 14. Rc1 Qd7 15. Kh2
Rf7 16. Qe2 Raf8 17. Kg2 c5 18. a3 Kh8 19. b4 b6 20. Rb1 Neg8 21. bxc5 bxc5 22.
a4 Bh6 23. a5 Bxd2 24. Qxd2 Qc8 25. Qa2 fxe4 26. Bxe4 Nh5 27. Qa4 Qd8 28. a6
Qg5 29. Ne2 Ngf6 30. Qc2 Nf4+ 31. Nxf4 exf4 32. Qc3 fxg3 33. fxg3 Kg8 34. Bf3
Nd7 35. Bg4 Rxf1 36. Rxf1 Rxf1 37. Kxf1 Ne5 38. Be6+ Kg7 39. Kg2 Qf6 40. Qb3 g5
41. Qb7+ Kh6 42. Qb3 Qg6 43. Qb8 Qc2+ 44. Kg1 Qd1+ 45. Kg2 Qf3+ 46. Kg1 Qxg3+
47. Kf1 Qf4+ 48. Ke1 Nxc4 49. Bg4 Qd2+ 0-1